000 00424nam a22001817a 4500
003 MPLRDC
005 20220104152627.0
008 210129b ||||| |||| 00| 0 eng d
082 _a857.7 FF-9
100 _a冯冯
245 _a夜半钟声
_c
250 _a6版
260 _a
_b天华出版事业公司
_c1985
300 _b
490 _a天华璎珞丛刊
650 _a长篇小说
942 _cBK
_o857.7 FF-9
999 _c53003
_d52993